半濁音が含まれる駅名 - Statistics

General Stats
  • This quiz has been taken 275 times
    104 since last reset
  • The average score is 14 of 74
Answer Stats
含む文字 都道府県 駅名 % Correct
「ぴ・ぷ」 北海道 比布
69%
「ぷ」 大分県 別府
56%
「ぱ」 栃木県 あしかがフラワーパーク
42%
「ぽ」 北海道 さっぽろ
41%
「ぷ」 北海道 音威子府
38%
「ぽ」 北海道 札幌
37%
「ぴ」 神奈川県 YRP野比
35%
「ぷ」 北海道 占冠
33%
「ぷ」 大分県 別府大学
33%
「ぴ」 岩手県 安比高原
31%
「ぽ」 北海道 新札幌
31%
「ぽ」 北海道 新さっぽろ
31%
「ぽ」 東京都 東京テレポート
31%
「ぽ」 東京都 西日暮里
30%
「ぽ」 東京都 日暮里
30%
「ぱ」 神奈川県 追浜
27%
「ぱ」 神奈川県 新羽
27%
「ぽ」 東京都 六本木
27%
「ぷ」 大分県 東別府
25%
「ぽ」 大阪府 ポートタウン西
25%
「ぽ」 大阪府 ポートタウン東
25%
「ぺ」 福岡県 スペースワールド
23%
「ぽ」 東京都 六本木一丁目
22%
「ぷ」 兵庫県 尼崎センタープール前
20%
「ぽ」 埼玉県 一本松
20%
「ぽ」 福岡県 一本松
20%
「ぴ・ぽ」 広島県 呉ポートピア
20%
「ぱ」 千葉県 流山セントラルパーク
20%
「ぱ」 大阪府 大阪ビジネスパーク
19%
「ぽ」 北海道 野幌
19%
「ぽ」 北海道 別保
19%
「ぱ」 島根県 松江フォーゲルパーク
19%
「ぷ」 北海道 秩父別
17%
「ぱ」 静岡県 フルーツパーク
17%
「ぽ」 兵庫県 ポートターミナル
17%
「ぷ」 北海道 稀府
17%
「ぽ」 福岡県 六本松
17%
「ぱ」 新潟県 岩原スキー場前
16%
「ぽ」 北海道 上野幌
16%
「ぽ」 北海道 サッポロビール庭園
16%
「ぷ」 北海道 熱郛
16%
「ぷ」 山梨県 新府
15%
「ぷ」 神奈川県 たまプラーザ
15%
「ぱ」 茨城県 万博記念公園
15%
「ぱ」 大阪府 万博記念公園
15%
「ぱ」 兵庫県 マリンパーク
15%
「ぷ」 北海道 丸瀬布
15%
「ぱ」 東京都 南町田グランベリーパーク
15%
「ぷ」 静岡県 アプトいちしろ
14%
「ぷ」 青森県 石川プール前
14%
「ぷ」 北海道 雄信内
14%
「ぽ」 北海道 東札幌
14%
「ぱ」 富山県 オークスカナルパークホテル富山前
12%
「ぽ」 千葉県 スポーツセンター
12%
「ぴ」 鳥取県 丹比
12%
「ぱ」 島根県 出雲科学館パークタウン前
11%
「ぱ」 青森県 ウェスパ椿山
11%
「ぱ」 千葉県 柏の葉キャンパス
11%
「ぽ」 愛知県 七宝
11%
「ぽ」 大阪府 日本橋
11%
「ぷ」 北海道 北秩父別
10%
「ぴ」 徳島県 金比羅前
9%
「ぽ」 福井県 スポーツ公園
9%
「ぽ」 大阪府 伝法
9%
「ぱ」 京都府 等持院・立命館大学衣笠キャンパス前
9%
「ぷ」 福井県 西春江ハートピア
9%
「ぽ」 大阪府 近鉄日本橋
7%
「ぷ」 富山県 グランドプラザ前
5%
「ぱ」 福岡県 天拝山
5%
「ぷ」 北海道 ロープウェイ入口
5%
「ぽ」 愛媛県 鉄砲町
4%
「ぷ」 長崎県 泉福寺
2%
「ぷ」 富山県 粟島(大阪屋ショップ前)
1%
「ぱ」 福岡県 今川河童
1%
No matching quizzes found
Score Distribution
Percent of People with Each Score
Percentile by Number Answered
Your Score History
You have not taken this quiz since the last reset